[Event "Syre Memorial op 33th"]
[Site "Issy les Moulineaux"]
[Date "2010.05.15"]
[Round "3"]
[White "Herrmann, Christophe"]
[Black "Kirsch, Alain"]
[Result "0-1"]
[WhiteElo "1764"]
[BlackElo "2038"]
[PlyCount "47"]
[EventDate "2010.05.13"]
[EventType "swiss"]
[EventRounds "6"]
[EventCountry "FRA"]
[SourceTitle "EXT 2011"]
[Source "ChessBase"]
[SourceDate "2010.11.26"]
[SourceVersion "1"]
[SourceVersionDate "2010.11.26"]
[SourceQuality "1"]

1. d4 Nf6 2. Nf3 c5 3. d5 b5 4. a4 Bb7 5. e4 Nxe4 6. Bxb5 e6 7. dxe6 fxe6 8. Nbd2 Be7 9. Nxe4 Bxe4 10. Qe2 Bb7 11. Ne5 0-0 12. Nxd7 Nxd7 13. Qxe6+ Rf7 14. Qxd7 Qxd7 15. Bxd7 Bh4 16. Be3 Rxd7 17. 0-0 c4 18. c3 Bc6 19. Rfd1 Rxd1+ 20. Rxd1 Bxa4 21. Rd4 Rd8 22. g3 Rxd4 23. Bxd4 Bd7 24. Bxa7 0-1

[Event "Syre Memorial op 33th"]
[Site "Issy les Moulineaux"]
[Date "2010.05.14"]
[Round "1"]
[White "Gantner, Ludovic"]
[Black "Kirsch, Alain"]
[Result "0-1"]
[WhiteElo "2243"]
[BlackElo "2038"]
[PlyCount "22"]
[EventDate "2010.05.13"]
[EventType "swiss"]
[EventRounds "6"]
[EventCountry "FRA"]
[SourceTitle "EXT 2011"]
[Source "ChessBase"]
[SourceDate "2010.11.26"]
[SourceVersion "1"]
[SourceVersionDate "2010.11.26"]
[SourceQuality "1"]

1. e4 c5 2. c3 d5 3. exd5 Qxd5 4. d4 g6 5. Nf3 Bg7 6. Be3 Nf6 7. dxc5 Qxd1+ 8. Kxd1 Ng4 9. Nd4 0-0 10. Nd2 Rd8 11. Bc4 Nd7 0-1

[Event "Syre Memorial op 31st"]
[Site "Issy les Moulineaux"]
[Date "2008.05.02"]
[Round "2"]
[White "Iasman, Inna"]
[Black "Kirsch, Alain"]
[Result "0-1"]
[WhiteElo "1902"]
[BlackElo "2080"]
[PlyCount "46"]
[EventDate "2008.05.01"]
[EventType "swiss"]
[EventRounds "6"]
[EventCountry "FRA"]
[SourceTitle "EXT 2010"]
[Source "ChessBase"]
[SourceDate "2010.11.25"]
[SourceVersion "1"]
[SourceVersionDate "2010.11.25"]
[SourceQuality "1"]

1. d4 d5 2. c4 c6 3. Nc3 Nf6 4. Nf3 e6 5. Bg5 dxc4 6. a4 Bb4 7. e3 b5 8. Be2 Bb7 9. 0-0 a6 10. Ne4 Nbd7 11. Nxf6+ Nxf6 12. axb5 axb5 13. Rxa8 Bxa8 14. Bxf6 gxf6 15. Qc2 0-0 16. Ra1 Qe7 17. Qe4 f5 18. Qf4 Bd6 19. Qh6 f6 20. Nd2 c5 21. dxc5 Be5 22. Rb1 Qc7 23. Qh4 Be4 0-1

[Event "Cannes op"]
[Site "Cannes"]
[Date "2007.02.20"]
[Round "3"]
[White "Bozinovic, Boban"]
[Black "Kirsch, Alain"]
[Result "1-0"]
[WhiteElo "2137"]
[BlackElo "2042"]
[PlyCount "61"]
[EventDate "2007.02.18"]
[EventType "swiss"]
[EventRounds "9"]
[EventCountry "FRA"]
[SourceTitle "CBM 116 Extra"]
[Source "ChessBase"]
[SourceDate "2007.03.07"]
[SourceVersion "1"]
[SourceVersionDate "2007.03.07"]
[SourceQuality "1"]

1. e4 g6 2. d4 Bg7 3. Nc3 c6 4. Nf3 d6 5. Bc4 b5 6. Bb3 a6 7. 0-0 Nd7 8. Bxf7+ Kxf7 9. Ng5+ Ke8 10. Ne6 Qb6 11. Nxg7+ Kf7 12. Nh5 gxh5 13. Qxh5+ Kg7 14. Rd1 b4 15. e5 dxe5 16. dxe5 bxc3 17. e6 Ne5 18. Bh6+ Nxh6 19. Qxe5+ Kg6 20. Qe4+ Kg7 21. Qe5+ Kg6 22. Qxh8 Bb7 23. Qxc3 Rf8 24. Qg3+ Kf6 25. Qh4+ Kg6 26. Rd3 Nf5 27. Qg4+ Kf6 28. Rf3 Qc5 29. Re1 Qxc2 30. h4 h6 31. h5 1-0

[Event "Paris Apsap op 73rd"]
[Site "Paris"]
[Date "2004.08.07"]
[Round "8"]
[White "Leuly, Max"]
[Black "Kirsch, Alain"]
[Result "1/2-1/2"]
[WhiteElo "2138"]
[BlackElo "2027"]
[PlyCount "59"]
[EventDate "2004.08.??"]
[EventType "swiss"]
[EventRounds "9"]
[EventCountry "FRA"]
[SourceTitle "EXT 2006"]
[Source "ChessBase"]
[SourceDate "2005.11.24"]
[SourceVersion "1"]
[SourceVersionDate "2005.11.24"]
[SourceQuality "1"]

1. d4 d5 2. c4 c6 3. Nf3 Nf6 4. Nc3 e6 5. Bg5 dxc4 6. e4 b5 7. e5 h6 8. Bh4 g5 9. Nxg5 hxg5 10. Bxg5 Nbd7 11. exf6 Bb7 12. g3 c5 13. d5 Qb6 14. Bg2 0-0-0 15. 0-0 b4 16. Na4 Qb5 17. a3 exd5 18. axb4 cxb4 19. Be3 Nc5 20. Qg4+ Kc7 21. Nxc5 Bxc5 22. Bd4 Bxd4 23. Qxd4 Qb6 24. Qe5+ Rd6 25. Rfd1 Rh6 26. Qe7+ Rd7 27. Qe5+ Rd6 28. Qe7+ Rd7 29. Qe5+ Rd6 30. Qe7+ 1/2-1/2

[Event "Paris Apsap op 73rd"]
[Site "Paris"]
[Date "2004.08.06"]
[Round "7"]
[White "Kirsch, Alain"]
[Black "Hallier, Christophe"]
[Result "1-0"]
[WhiteElo "2027"]
[BlackElo "1920"]
[PlyCount "89"]
[EventDate "2004.08.??"]
[EventType "swiss"]
[EventRounds "9"]
[EventCountry "FRA"]
[SourceTitle "EXT 2006"]
[Source "ChessBase"]
[SourceDate "2005.11.24"]
[SourceVersion "1"]
[SourceVersionDate "2005.11.24"]
[SourceQuality "1"]

1. d4 d5 2. Nf3 Nf6 3. c4 c6 4. Nc3 e6 5. Bg5 Be7 6. e3 a6 7. Qc2 Nbd7 8. Rc1 Qa5 9. Nd2 dxc4 10. Bxf6 Nxf6 11. Nxc4 Qd8 12. Be2 Nd5 13. 0-0 0-0 14. Rfd1 f5 15. Ne5 Qe8 16. Nxd5 exd5 17. f4 g5 18. Qd2 g4 19. g3 h5 20. Kg2 h4 21. b4 Qh5 22. Rh1 Kg7 23. a4 Rh8 24. b5 Ba3 25. Ra1 axb5 26. axb5 Qe8 27. Qc3 Qe7 28. bxc6 Bb4 29. cxb7 Bxb7 30. Qb2 h3+ 31. Kf2 Rxa1 32. Rxa1 Ra8 33. Rb1 Ra4 34. Qb3 Qe8 35. Bd1 Bc6 36. Nxc6 Qe4 37. Nxb4 Qg2+ 38. Ke1 Qg1+ 39. Kd2 Qxh2+ 40. Be2 Ra5 41. Nxd5 Ra7 42. Qb6 Rf7 43. Qe6 Qg2 44. Rb6 Qe4 45. Qh6+ 1-0

[Event "Paris Apsap op 73rd"]
[Site "Paris"]
[Date "2004.08.03"]
[Round "4"]
[White "Kirsch, Alain"]
[Black "Debray, Christopher"]
[Result "0-1"]
[WhiteElo "2027"]
[BlackElo "2195"]
[PlyCount "102"]
[EventDate "2004.08.??"]
[EventType "swiss"]
[EventRounds "9"]
[EventCountry "FRA"]
[SourceTitle "EXT 2006"]
[Source "ChessBase"]
[SourceDate "2005.11.24"]
[SourceVersion "1"]
[SourceVersionDate "2005.11.24"]
[SourceQuality "1"]

1. d4 Nf6 2. Nf3 g6 3. Nc3 Bg7 4. e4 d6 5. h3 0-0 6. Be3 e5 7. dxe5 dxe5 8. Qxd8 Rxd8 9. Bc4 Nc6 10. 0-0 Ne8 11. Nd5 Na5 12. Be2 Be6 13. b4 Nc6 14. c4 Nd4 15. Bxd4 exd4 16. Rad1 a5 17. Nxd4 Bxd4 18. Rxd4 c6 19. Nb6 Rxd4 20. Nxa8 axb4 21. Nb6 Rd2 22. Bf3 Rxa2 23. Rb1 c5 24. e5 Rc2 25. Bxb7 Bxc4 26. Be4 Re2 27. Bf3 Ba2 28. Bxe2 Bxb1 29. Nd7 Bc2 30. Nxc5 b3 31. Nd3 Nc7 32. Nb2 Nd5 33. Kf1 Nc3 34. Bf3 Kf8 35. Ke1 Ke7 36. Bc6 Ke6 37. f4 g5 38. fxg5 Kxe5 39. Be8 Bg6 40. Bc6 Kf4 41. Kd2 Ne4+ 42. Ke2 Nxg5 43. Bd5 Bc2 44. Nd3+ Kg3 45. Kd2 f5 46. Ne1 Ne4+ 47. Kc1 h5 48. Be6 Nc5 49. Bc4 h4 50. Nf3 Be4 51. Be2 Na4 0-1

[Event "Paris Apsap op 56th"]
[Site "Paris"]
[Date "2002.10.27"]
[Round "2"]
[White "Vlahovic, Dimitri"]
[Black "Kirsch, Alain"]
[Result "1-0"]
[WhiteElo "2017"]
[BlackElo "2098"]
[PlyCount "79"]
[EventDate "2002.11.05"]
[EventType "swiss"]
[EventRounds "9"]
[EventCountry "FRA"]
[SourceTitle "CBM 091 Extra"]
[Source "ChessBase"]
[SourceDate "2003.01.09"]
[SourceVersion "1"]
[SourceVersionDate "2003.01.09"]
[SourceQuality "1"]

1. e4 c5 2. Nc3 Nc6 3. f4 g6 4. Nf3 Bg7 5. g3 d6 6. d3 e6 7. Bg2 Nge7 8. 0-0 0-0 9. Ne2 d5 10. e5 Bd7 11. c3 Rc8 12. Bd2 Qb6 13. Be3 Qa5 14. a3 a6 15. b4 cxb4 16. axb4 Qc7 17. Bc5 Rfe8 18. g4 Rcd8 19. Qe1 Nc8 20. Bf2 f6 21. d4 N6e7 22. Bh4 Rf8 23. Bh3 f5 24. g5 Bb5 25. Rf2 Bxe2 26. Rxe2 Nb6 27. Rc2 Rc8 28. Bf1 Nc4 29. Nd2 Nxd2 30. Qxd2 Qb6 31. Bg2 Rfd8 32. Rb2 Qc7 33. Be1 Bf8 34. b5 axb5 35. Rxb5 Nc6 36. Qb2 Rb8 37. Rb6 Kf7 38. Rb1 Rd7 39. Qb5 Be7 40. Rxc6 1-0

[Event "Saint Quentin op 5th"]
[Site "Saint Quentin"]
[Date "2002.??.??"]
[Round "9"]
[White "Kirsch, Alain"]
[Black "Baron, Daniel"]
[Result "1/2-1/2"]
[WhiteElo "2103"]
[BlackElo "2090"]
[PlyCount "126"]
[EventDate "2002.04.21"]
[EventType "swiss"]
[EventRounds "9"]
[EventCountry "FRA"]
[SourceTitle "CBM 088 Extra"]
[Source "ChessBase"]
[SourceDate "2002.07.01"]
[SourceVersion "2"]
[SourceVersionDate "2002.07.01"]
[SourceQuality "1"]

1. d4 Nf6 2. Nf3 e6 3. Bg5 Be7 4. Nbd2 b6 5. e4 d5 6. e5 Nfd7 7. Bxe7 Qxe7 8. Bd3 Ba6 9. Bxa6 Nxa6 10. Qe2 Nb4 11. 0-0 c5 12. c4 0-0 13. a3 Nc6 14. dxc5 bxc5 15. cxd5 exd5 16. Rfe1 Rfe8 17. Qd3 Qe6 18. Ng5 Qg6 19. Qxd5 Ndxe5 20. Ndf3 Red8 21. Nxe5 Rxd5 22. Nxg6 hxg6 23. Ne4 Rb8 24. Nc3 Rd2 25. Na4 c4 26. Rac1 Rd4 27. Red1 Rbd8 28. Rxd4 Rxd4 29. Kf1 f6 30. Ke2 Kf7 31. Rc3 Ne5 32. Ke3 Rd1 33. Nc5 Re1+ 34. Kd2 Rg1 35. Rg3 Rf1 36. Ke2 Rb1 37. b4 Rb2+ 38. Ke3 c3 39. Kd4 c2 40. Rc3 c1Q 41. Rxc1 Rxf2 42. b5 Rxg2 43. a4 Rxh2 44. Rb1 g5 45. a5 g4 46. b6 axb6 47. axb6 g3 48. Ke3 g2 49. b7 Nc6 50. Rg1 Rh5 51. Ne4 Re5 52. Kf3 f5 53. Ng5+ Ke7 54. Rxg2 Rb5 55. Kf4 Nd8 56. b8Q Rxb8 57. Kxf5 Rb6 58. Re2+ Kf8 59. Ne6+ Nxe6 60. Rxe6 Rxe6 61. Kxe6 Kg8 62. Kf5 Kh7 63. Kg5 g6 1/2-1/2

[Event "Saint Quentin op 5th"]
[Site "Saint Quentin"]
[Date "2002.??.??"]
[Round "3"]
[White "Kirsch, Alain"]
[Black "Veisseire, Arthur"]
[Result "1-0"]
[WhiteElo "2103"]
[BlackElo "1430"]
[PlyCount "53"]
[EventDate "2002.04.21"]
[EventType "swiss"]
[EventRounds "9"]
[EventCountry "FRA"]
[SourceTitle "CBM 088 Extra"]
[Source "ChessBase"]
[SourceDate "2002.07.01"]
[SourceVersion "2"]
[SourceVersionDate "2002.07.01"]
[SourceQuality "1"]

1. d4 d5 2. Nf3 e6 3. c4 Nf6 4. Nc3 Be7 5. cxd5 Nxd5 6. e4 Nxc3 7. bxc3 0-0 8. Bc4 b6 9. Qe2 Bb7 10. 0-0 c6 11. Bf4 h6 12. Ne5 Nd7 13. Ng4 Bg5 14. Bxg5 Qxg5 15. f4 Qg6 16. f5 exf5 17. Rxf5 Rae8 18. Raf1 Re7 19. e5 Kh8 20. Qf3 f6 21. e6 Nb8 22. Ne5 Qe8 23. Nf7+ Kh7 24. Rxf6 c5 25. Rxh6+ gxh6 26. Qf5+ Kg8 27. Qg6# 1-0

[Event "FRA-chT3"]
[Site "Maisons Alfort"]
[Date "2001.03.31"]
[Round "8.7"]
[White "Laniau, S."]
[Black "Kirsch, Alain"]
[Result "0-1"]
[WhiteElo "1930"]
[BlackElo "2018"]
[PlyCount "90"]
[EventDate "2001.03.31"]
[EventType "team"]
[EventRounds "9"]
[EventCountry "FRA"]
[SourceTitle "EXT 2003"]
[Source "ChessBase"]
[SourceDate "2002.11.25"]
[SourceVersion "1"]
[SourceVersionDate "2002.11.25"]
[SourceQuality "1"]

1. e4 c5 2. Nf3 Nc6 3. d4 cxd4 4. Nxd4 Nf6 5. Nc3 e5 6. Ndb5 d6 7. Bg5 a6 8. Na3 b5 9. Nd5 Be7 10. Bxf6 Bxf6 11. c3 Ne7 12. Nxf6+ gxf6 13. g3 f5 14. exf5 Bb7 15. Rg1 Nxf5 16. Qg4 Qf6 17. Bh3 Bc8 18. Qf3 Ra7 19. g4 Qg5 20. Qc6+ Ke7 21. Ke2 Ng7 22. Rad1 Rd7 23. Nc2 Bb7 24. Qb6 Ne6 25. Ke1 Nf4 26. Bf1 Nd5 27. Qa5 Qf4 28. Rg3 Qe4+ 29. Ne3 Nxe3 30. Rxe3 Qh1 31. h3 Bf3 32. Rc1 h5 33. Kd2 hxg4 34. Bxb5 Qg2 35. Bxd7 Qxf2+ 36. Kd3 e4+ 37. Rxe4+ Bxe4+ 38. Kxe4 Qe2+ 39. Kd4 Qd2+ 40. Kc4 Qf4+ 41. Kb3 Rb8+ 42. Kc2 Qe4+ 43. Kd1 Qd3+ 44. Ke1 Qe3+ 45. Kd1 Rxb2 0-1